000 00270nam a2200133Ia 4500
100 _aShell/Stanley
942 _cBK
654 _aPC
245 _aPC data Handbook
260 _bBPB
_aNew Delhi
_c1992
082 _a621.381954
_bSHE
300 _a359
546 _aENGLISH
999 _c27394
_d27394